Nghệ thuật vườn - công viên

Sách cung cấp kiến thức về tính chất chức năng, đặc trưng cá yếu tố tạo cảnh, bố cục và một số di sản vườn - công viên tiêu biểu.

Сохранить в:
Библиографические подробности
Главный автор: Hàn, Tất Ngạn
Формат:
Язык:Undetermined
Опубликовано: Hà Nội Xây Dựng 2000
Предметы:
Метки: Добавить метку
Нет меток, Требуется 1-ая метка записи!
Thư viện lưu trữ: Trung tâm Học liệu Trường Đại học Cần Thơ
LEADER 00781nam a2200193Ia 4500
001 CTU_36494
008 210402s9999 xx 000 0 und d
082 |a 712.5 
082 |b Ng105 
100 |a Hàn, Tất Ngạn 
245 0 |a Nghệ thuật vườn - công viên 
245 0 |c Hàn Tất Ngạn 
260 |a Hà Nội 
260 |b Xây Dựng 
260 |c 2000 
520 |a Sách cung cấp kiến thức về tính chất chức năng, đặc trưng cá yếu tố tạo cảnh, bố cục và một số di sản vườn - công viên tiêu biểu. 
650 |a Gardening,Lanscape architecture,Park buildings,Plants, ornamental 
904 |i Qhieu 
980 |a Trung tâm Học liệu Trường Đại học Cần Thơ